Podnikáme na náročných trzích II : Pronikáme na náročné trhy. Z něm orig
Salvato in:
| Natura: | Libro |
|---|---|
| Lingua: | ceco |
| Pubblicazione: |
Praha :
Průmysl a obchod ve spolupráci s firmou Haufe,
1992
|
| Tags: |
Nessun Tag, puoi essere il primo ad aggiungerne!!
|
MARC
| LEADER | 00000nam a22000003a 4500 | ||
|---|---|---|---|
| 001 | stu21123 | ||
| 005 | 20150408181436.2 | ||
| 008 | 950329s1992----cs------------------cze-d | ||
| 020 | |a 80-85603-16-0 | ||
| 040 | |a STU |b slo | ||
| 041 | 0 | |a cze | |
| 044 | |a cs | ||
| 080 | |a 339.15 | ||
| 245 | |a Podnikáme na náročných trzích II : |b Pronikáme na náročné trhy. Z něm orig | ||
| 260 | |a Praha : |b Průmysl a obchod ve spolupráci s firmou Haufe, |c 1992 | ||
| 300 | |a 340 s | ||
| 996 | |b C91261 |c C*91261 |l CCXIV |s P |a 0 |w stu21123_0001 | ||